00654 2200241 4500001002100000005001700021008004100038020002200079035002400101040001200125041000800137082000800145090001400153100002700167245006200194250001000256260004300266300002700309504003000336650001200366990001700378990001700395YOGYA-0113000000174520130129091849.0 ind  a978-602-8533-21-8 0010-011300000001745 aYOPDYOG aInd a320 a320 Sur M aSURYO SAKTI HADIWIJOYO aMenggugat keistimewaan JogjakartacSuryo Sakti Hadiwijoyo aCet.1 aYogyakartabPinus Book Publisherc2010 a240 hlmc21 cm (2 eks) aBibliografi: hlm. 225-236 aPolitik a227-RBM/B.12 a228-RBM/B.12